00971 2200313 4500001002100000005001500021035002000036007000300056008004100059020002200100040002200122082001500144084001700159090002200176100003300198245010900231250003600340300002900376650001100405700004000416850001200456504003300468264003800501336002100539337003000560338002300590999002200613990002200635INLIS00000000088621120240503080650 a0010-0524000042ta240503s2022 yoi g ind d a978-623-5440-77-4 aYOPDYOGbinderda04223a808.51 a808.51 ALI m aCB-D.11 2022-48340 aAliah Pardjuniatiepengarang10aMenulis teks pidato persuasif bahasa Indonesia /cAliah Pardjuniati; penyunting, Petrus Bono Krisdiyanto aCetakan pertama, September 2022 avi, 150 halaman ;c20 cm 4aPidato0 aPetrus Bono Krisdiyantoepenyunting aYOPDYOG aBibliografi: halaman 146-14831aSleman :bPustaka Egaliter,c2022 2rdacontentateks 2rdamediaatanpa perantara 2rdacarrieravolume aCB-D.11/2022-4834 aCB-D.11/2022-4834